00428nam a22001337a 450000500170000000800410001704100130005808200140007110000560008524500940014126000090023530000250024465000250026920231108142118.0231108b |||||||| |||| 00| 0 eng d aEnglish  a346.2 WAR aWarren, OL ; Markuson, GC and Glickman, G lEnglish aWarren's Forms of Agreements : bBusiness Forms / cOL Warren, GC Markuson and G Glickman c1982 b478 pages ; c26 cm. aLegal practice bLaw